000 00692nam a2200217 4500
003 OSt
005 20240720030155.0
006 a
008 240720b |||||||| |||| 00| 0 eng d
020 _a9780240521350
040 _aDWCL-Main lib.
_cOC
082 _aCirc. 006.686 G154a 2009
100 _aGaler, Mark
245 _aAdobe photoshop elements 7 maximum performance: unleash the hidden performance of elements /
260 _aAmsterdam:
_bFocal Press,
_cc2009.
300 _axxiii,
_b308 p. : ill. (some col.) ;
_c25 cm.
504 _aIncludes index.
650 _a1. Adobe photoshop elements.
650 _a2. Photography-Digital techniques.
942 _2ddc
_n0
_cBK-CIRC
_kCirc.
999 _c2476
_d2476